00354nam a2200133Ia 4500003000400000005001700004008004100021040000900062082001500071100002000086245005700106260004300163650001400206OSt20200821132820.0190216s9999||||xx |||||||||||||| ||und|| coclc a660bCHA/T aChawla, Shashi  0aA Text Book Of Engineeing Chemistry /cShashi Chawla bDhanpat Rai And Co,c2010.aNew Delhi: aChemistry